Nurses : (Record no. 512)

MARC details
000 -LEADER
fixed length control field 00573nam a2200217 a 4500
005 - DATE AND TIME OF LATEST TRANSACTION
control field 20260322212023.0
008 - FIXED-LENGTH DATA ELEMENTS--GENERAL INFORMATION
fixed length control field data
010 ## - LIBRARY OF CONGRESS CONTROL NUMBER
LC control number 91-092407
020 ## - INTERNATIONAL STANDARD BOOK NUMBER
International Standard Book Number 0804108005
020 ## - INTERNATIONAL STANDARD BOOK NUMBER
International Standard Book Number 9780804108003
096 ## - LOCALLY ASSIGNED NLM-TYPE CALL NUMBER (OCLC)
Classification number WZ 112.5 .N8 B814n 1992
001 - CONTROL NUMBER
control field data
100 1# - MAIN ENTRY--PERSONAL NAME
Personal name Brown, Michael, R.N.
245 10 - TITLE STATEMENT
Title Nurses :
Remainder of title the human touch
Statement of responsibility, etc. Michael Brown.
250 ## - EDITION STATEMENT
Edition statement 1st ed.
260 ## - PUBLICATION, DISTRIBUTION, ETC.
Place of publication, distribution, etc. New York
Name of publisher, distributor, etc. Ivy Books
Date of publication, distribution, etc. c1992
300 ## - PHYSICAL DESCRIPTION
Extent x, 288 p. ;
Dimensions 18 cm.
500 ## - GENERAL NOTE
General note "The real-life experiences of registered nurses"--Cover.
650 02 - SUBJECT ADDED ENTRY--TOPICAL TERM
Topical term or geographic name entry element Nurse-Patient Relations
650 02 - SUBJECT ADDED ENTRY--TOPICAL TERM
Topical term or geographic name entry element Nursing
Holdings
Withdrawn status Lost status Damaged status Not for loan Home library Current library Shelving location Date acquired Total checkouts Full call number Barcode Date last seen Price effective from Koha item type
        Riverside Riverside General stacks 22/03/2026   GEN BC0010524 22/03/2026 22/03/2026 Books